Glencoe pre-algebra : (Record no. 12721)

000 -LEADER
fixed length control field 00562cam a2200205Ia 4500
020 ## - INTERNATIONAL STANDARD BOOK NUMBER
ISBN 0028250311
040 ## - CATALOGING SOURCE
Transcribing agency UUA
082 ## - DEWEY DECIMAL CLASSIFICATION NUMBER
Classification number 512 GLE 1997 A028 Or.
245 10 - TITLE STATEMENT
Title Glencoe pre-algebra :
Remainder of title an integrated transition to algebra and geometry /
246 30 - VARYING FORM OF TITLE
Title proper/short title Pre-algebra
260 ## - PUBLICATION, DISTRIBUTION, ETC. (IMPRINT)
Place of publication New York :
Name of publisher Glencoe/McGraw-Hill,
Year of publication c1997
300 ## - PHYSICAL DESCRIPTION
Number of Pages xx, 843 p. :
Other physical details col. ill. ;
Dimensions 29 cm
500 ## - GENERAL NOTE
General note Includes index
650 #0 - SUBJECT ADDED ENTRY--TOPICAL TERM
Topical Term Algebra
650 #0 - SUBJECT ADDED ENTRY--TOPICAL TERM
Topical Term Geometry
650 #0 - SUBJECT ADDED ENTRY--TOPICAL TERM
Topical Term Mathematics
700 1# - ADDED ENTRY--PERSONAL NAME
Personal name Leschensky, William
710 2# - ADDED ENTRY--CORPORATE NAME
Corporate name or jurisdiction name as entry element Glencoe/McGraw-Hill
942 ## - ADDED ENTRY ELEMENTS (KOHA)
Koha item type សៀវភៅភាសាអង់គ្លេស
952 ## - LOCATION AND ITEM INFORMATION (KOHA)
Withdrawn status [LOCAL, KOHA] 0
Holdings
Permanent Location Date acquired Koha item type Lost status Shelving location Barcode Current Location Full call number
Library Block A2017-08-16សៀវភៅភាសាអង់គ្លេស A028A15796Library Block A512 GLE 1997 A028 Or.
មជ្ឈមណ្ឌលឯការនៃសាកលវិទ្យាល័យភូមិន្ទកសិកម្មចំការដូង

Powered by Koha